Statistiques concernant Pokémon Sauvages(Hoenn RS)

Cliquez ici pour prendre le quiz!

Statistiques générales

  • Ce quiz a été pris 84 fois
  • Le résultat moyen est 415 sur 487

Statistiques - réponses

LieuxPokémon% Correct
Chenipotte
100%
Medhyèna
100%
R | communiquant avec EGrainipiot
97%
(pêche) | Atalanopolis(sur l'eau)Magicarpe
97%
Bois Clémenti | Route 101 | Route 102 | +6 othersZigzaton
97%
Armulys
94%
Carvanha
94%
Chemin Ardent | Route 112 | Sentier SinurocChamallot
94%
Route 110Dynavolt
94%
| (sur l'eau)Goélise
94%
Léviator
94%
SNénupiot
94%
Racaillou
94%
| (sur l'eau) | Algatia(sur l'eau) | +23 othersTentacool
94%
Balignon
90%
Barloche
90%
sur 6 cases aléatoiresBarpau
90%
Blindalys
90%
Route 116 | Tunnel MérazonChuchmur
90%
Méditikka
90%
Négapi
90%
Nirondelle
90%
Nosferapti
90%
Parecool
90%
Posipi
90%
SSéléroc
90%
RSolaroc
90%
Wailmer
90%
Barbicha
87%
Chartor
87%
Écrapince
87%
Gravalanch
87%
Hypotrempe
87%
Linéon
87%
Machoc
87%
Grotte GraniteMakuhita
87%
RMangriff
87%
(sur l'eau) | Clémenti-Ville(sur l'eau) | Route 111(sur l'eau)Marill
87%
| (sur l'eau) | Pilier Céleste | Route VictoireNosferalto
87%
Poissirène
87%
SSéviper
87%
Route 113Spinda
87%
Tarsal
87%
(algues)Coquiperl
84%
Limagma
84%
New LavandiaMagnéti
84%
RMysdibule
84%
R | communiquant avec EPifeuil
84%
Spoink
84%
Tarinor
84%
STénéfix
84%
Tentacruel
84%
Airmure
81%
Arakdo
81%
Balbuto
81%
Élecsprint
81%
SLombre
81%
Loupio
81%
Ningale
81%
Poissoroy
81%
(sur l'eau)Psykokwak
81%
Ramboum
81%
Skitty
81%
Stari
81%
Voltorbe
81%
Wailord
81%
Absol
77%
Bekipan
77%
Cacnea
77%
Draby
77%
Gloupti
77%
Kraknoix
77%
Lovdisc
77%
Lumivole
77%
Muciole
77%
Grotte TréfondsObalie
77%
Pikachu
77%
Rosélia
77%
(sable)Sabelette
77%
Route 114Tylton
77%
Abra
74%
Charmina
74%
Galekid
74%
Kecleon
74%
Mont Mémoria | SPolichombr
74%
Relicanth
74%
RSkelénox
74%
Smogo
74%
Tropius
74%
Électrode
71%
Hariyama
71%
Hélédelle
71%
Kaorine
71%
Île du Sud/RLatias
71%
SLatios
71%
Grotte de l'ÎlotRegice
71%
Ruines DésertRegirock
71%
Tombeau AntiqueRegisteel
71%
Sharpedo
71%
Magnéton
68%
Rhinocorne
68%
Akwakwak
65%
Éoko
65%
RGroudon
65%
SKyogre
65%
Qulbutoké
65%
Scarabrute
65%
Tadmorv
65%
Galegon
61%
Île MirageOkéoké
58%
Rondoudou
58%
Stalgamin
58%
Altaria
55%
Girafarig
55%
Goupix
55%
Mystherbe
55%
Rayquaza
55%
Scarhino
55%
SBranette
52%
Ortide
52%
RTéraclope
52%
Corayon
48%
Natu
48%
Xatu
45%
Phanpy
42%
Dodrio
39%
Doduo
39%

Distribution des résultats

Percentile par nombre de réponses

% des personnes avec chaque résultat

Votre développement - résultats

Vous n’avez pas pris ce quiz